| 000 | 00768nam a2200313Ia 4500 | ||
|---|---|---|---|
| 008 | 210210b2014 xxu||||| |||| 00| 0 eng d | ||
| 020 | _a8188685127 | ||
| 041 | _aeng | ||
| 082 | _a338.954 KALI | ||
| 100 | _aKALLURAYA (P Shripathi) | ||
| 245 |
_aInclusive growth model in India _bWith special reference to eleventh plan achievements |
||
| 260 |
_aMangalore _bMangala Publications. _c2014 |
||
| 300 | _ax,214 | ||
| 650 | _aWith | ||
| 650 | _ato | ||
| 650 | _aspecial | ||
| 650 | _areference | ||
| 650 | _aplan | ||
| 650 | _amodel | ||
| 650 | _aIndia | ||
| 650 | _aInclusive | ||
| 650 | _ain | ||
| 650 | _agrowth | ||
| 650 | _aeleventh | ||
| 650 | _aachievements | ||
| 690 | _aIndian Economics | ||
| 700 | _aRAO (Narayana) | ||
| 906 | _a068139 | ||
| 999 |
_c152386 _d152386 |
||